[Event "ENG-ch Schools"]
[Site "Nottingham"]
[Date "2025.06.25"]
[Round "3.5"]
[White "Walia, Michael Kanishk"]
[Black "Kumar, Arnav"]
[Result "0-1"]
[WhiteElo "1845"]
[BlackElo "1936"]
[PlyCount "62"]
[EventDate "2025.06.25"]
[EventType "team-swiss"]
[EventRounds "6"]
[EventCountry "ENG"]
[SourceTitle "CB27_2025"]
[SourceDate "2025.07.02"]
[SourceVersion "1"]
[SourceVersionDate "2025.07.02"]
[SourceQuality "1"]
[WhiteTeam "Haberdashers Askes"]
[BlackTeam "Wilson's"]
[WhiteTeamCountry "ENG"]
[BlackTeamCountry "ENG"]

1. e4 c6 2. c4 d5 3. cxd5 cxd5 4. exd5 Nf6 5. Nc3 g6 6. d4 Bg7 7. Nf3 0-0 8. h3 Nbd7 9. Bc4 Nb6 10. Bb3 Nfxd5 11. 0-0 e6 12. Ne4 Bd7 13. a4 Bc6 14. Bd2 Ne7 15. Neg5 h6 16. a5 hxg5 17. axb6 Qxb6 18. Bxg5 Bxf3 19. Qxf3 Nf5 20. Ba4 Nxd4 21. Qg4 Nf5 22. Rfb1 Rac8 23. Qe2 Nd4 24. Qd3 e5 25. Be7 Rfe8 26. Bxe8 Rxe8 27. Ba3 Nb3 28. Ra2 e4 29. Qg3 e3 30. fxe3 Rxe3 31. Qb8+ Re8+ 0-1

[Event "BCF-ch U14"]
[Site "Hull"]
[Date "2024.08.03"]
[Round "7"]
[White "Kumar, Arnav"]
[Black "Gunarathne, Senith Thenula"]
[Result "0-1"]
[WhiteElo "1803"]
[BlackElo "1776"]
[PlyCount "116"]
[EventDate "2024.07.28"]
[EventType "swiss"]
[EventRounds "7"]
[EventCountry "ENG"]
[SourceTitle "EXT 2025"]
[Source "ChessBase"]
[SourceDate "2024.10.14"]
[SourceVersion "1"]
[SourceVersionDate "2024.10.14"]
[SourceQuality "1"]

1. e4 c5 2. Nf3 d6 3. d4 cxd4 4. Nxd4 Nf6 5. Nc3 a6 6. Be3 e5 7. Nb3 Be6 8. f3 Be7 9. Qd2 Nbd7 10. g4 Nb6 11. 0-0-0 Nc4 12. Bxc4 Bxc4 13. Qf2 b5 14. h4 Rc8 15. Bb6 Qd7 16. Nc5 Qc6 17. Nxa6 d5 18. exd5 Nxd5 19. Nxd5 Bxd5 20. Rxd5 Qxd5 21. Nc7+ Rxc7 22. Bxc7 Qxa2 23. Qb6 0-0 24. Qa5 Qxa5 25. Bxa5 Ra8 26. Re1 Rxa5 27. Rxe5 Kf8 28. h5 Ra1+ 29. Kd2 b4 30. Rb5 f6 31. c4 Rb1 32. Kc2 Re1 33. c5 Re5 34. Rb8+ Kf7 35. Rxb4 Rxc5+ 36. Kd3 Rd5+ 37. Rd4 Ke6 38. Ke4 Rxd4+ 39. Kxd4 f5 40. b3 Kf6 41. Ke3 Kg5 42. Kf2 fxg4 43. fxg4 Kxg4 44. h6 g5 45. Kg2 Kh5 46. Kh3 Kxh6 47. Kg4 Kg6 48. b4 Bxb4 49. Kg3 h5 50. Kh3 Kf5 51. Kg3 h4+ 52. Kh3 g4+ 53. Kxh4 Kf4 54. Kh5 g3 55. Kh6 g2 56. Kh7 g1Q 57. Kh8 Bc3+ 58. Kh7 Qg7# 0-1

[Event "BCF-ch U14"]
[Site "Hull"]
[Date "2024.08.02"]
[Round "6"]
[White "Taramov, Magomed"]
[Black "Kumar, Arnav"]
[Result "1/2-1/2"]
[WhiteElo "1437"]
[BlackElo "1803"]
[PlyCount "176"]
[EventDate "2024.07.28"]
[EventType "swiss"]
[EventRounds "7"]
[EventCountry "ENG"]
[SourceTitle "EXT 2025"]
[Source "ChessBase"]
[SourceDate "2024.10.14"]
[SourceVersion "1"]
[SourceVersionDate "2024.10.14"]
[SourceQuality "1"]

1. d4 Nf6 2. Bf4 g6 3. e3 Bg7 4. Nf3 d6 5. h3 0-0 6. Be2 c5 7. c3 Qb6 8. Qc1 cxd4 9. cxd4 Nc6 10. Nbd2 Bd7 11. Nc4 Qd8 12. 0-0 Rc8 13. Qd1 Nd5 14. Bg3 Nb6 15. Nfd2 d5 16. Nxb6 Qxb6 17. Qb3 e5 18. dxe5 Nxe5 19. Rad1 Be6 20. Qxb6 axb6 21. Bxe5 Bxe5 22. Nf3 Bxb2 23. Rb1 Bf6 24. Rxb6 Rc2 25. Bd3 Rxa2 26. Rxb7 Rc8 27. Rfb1 Rc3 28. Rd1 Ra4 29. Bf1 h5 30. Ne1 d4 31. exd4 Rxd4 32. Rbb1 Bf5 33. Rbc1 Rxc1 34. Rxc1 Rd2 35. Nf3 Rb2 36. Rd1 Rb6 37. Rc1 Rb3 38. Rd1 Rb7 39. Rc1 Ra7 40. Rd1 Kf8 41. Rc1 Ra3 42. Bb5 Bxh3 43. gxh3 Rxf3 44. Kg2 Rf5 45. Rc8+ Kg7 46. Be8 Bh4 47. Rc2 Kf8 48. Bd7 Rd5 49. Bc6 Rd4 50. Re2 f6 51. Be8 Kg7 52. Bc6 Rc4 53. Bd5 Rd4 54. Bc6 Kh6 55. Bf3 g5 56. Re6 g4 57. Be2 Rf4 58. f3 gxf3+ 59. Bxf3 Rb4 60. Re8 Rb2+ 61. Be2 Kg5 62. Re3 Kf4 63. Re8 Bg5 64. Re6 h4 65. Re8 Rb3 66. Bd1 Rg3+ 67. Kh2 Rd3 68. Be2 Rd2 69. Kg2 Ra2 70. Re6 Kf5 71. Re8 Ra3 72. Bf3 Ra2+ 73. Be2 Kf4 74. Kf2 f5 75. Re3 Bd8 76. Re8 Bb6+ 77. Kg2 Ra3 78. Rb8 Rg3+ 79. Kh2 Bg1+ 80. Kh1 Ke3 81. Bf1 f4 82. Rb3+ Kf2 83. Rxg3 hxg3 84. Bg2 f3 85. Bxf3 Kxf3 86. Kxg1 g2 87. h4 Kg4 88. Kxg2 Kxh4 1/2-1/2

[Event "Robinson Cup U14"]
[Site "Hull"]
[Date "2024.07.25"]
[Round "5.4"]
[White "Prabhu, Vismith"]
[Black "Kumar, Arnav"]
[Result "1/2-1/2"]
[WhiteElo "1682"]
[BlackElo "1803"]
[PlyCount "75"]
[EventDate "2024.07.23"]
[EventType "team-tourn"]
[EventRounds "5"]
[EventCountry "ENG"]
[SourceTitle "CBM 221 Extra"]
[Source "ChessBase"]
[SourceDate "2024.09.30"]
[SourceVersion "1"]
[SourceVersionDate "2024.09.30"]
[SourceQuality "1"]
[WhiteTeam "Wales"]
[BlackTeam "England"]
[WhiteTeamCountry "WLS"]
[BlackTeamCountry "ENG"]

1. d4 d5 2. c4 e6 3. Nc3 Nf6 4. cxd5 exd5 5. Bg5 Be7 6. e3 c6 7. Bd3 h6 8. Bh4 0-0 9. Qc2 Be6 10. Nge2 Nbd7 11. 0-0 Rc8 12. Rad1 Re8 13. h3 b5 14. f3 b4 15. Ba6 bxc3 16. Bxc8 Qxc8 17. Nxc3 c5 18. dxc5 Bxc5 19. Bf2 Ne5 20. e4 dxe4 21. Nxe4 Be7 22. Qxc8 Rxc8 23. Rc1 Nd3 24. Rxc8+ Bxc8 25. Bxa7 Nxe4 26. fxe4 Nxb2 27. Rc1 Be6 28. a3 Bxa3 29. Bc5 Bxc5+ 30. Rxc5 Kf8 31. Rb5 Nc4 32. Kf2 Ke7 33. h4 Nd6 34. Rb4 Kf6 35. Kf3 Nc4 36. g3 Ne5+ 37. Ke3 h5 38. Rb5 1/2-1/2

[Event "Robinson Cup U14"]
[Site "Hull"]
[Date "2024.07.24"]
[Round "4.4"]
[White "Kumar, Arnav"]
[Black "Shankar, Yashwardhan"]
[Result "1/2-1/2"]
[WhiteElo "1803"]
[BlackElo "1658"]
[PlyCount "115"]
[EventDate "2024.07.23"]
[EventType "team-tourn"]
[EventRounds "5"]
[EventCountry "ENG"]
[SourceTitle "CBM 221 Extra"]
[Source "ChessBase"]
[SourceDate "2024.09.30"]
[SourceVersion "1"]
[SourceVersionDate "2024.09.30"]
[SourceQuality "1"]
[WhiteTeam "England"]
[BlackTeam "Scotland"]
[WhiteTeamCountry "ENG"]
[BlackTeamCountry "SCO"]

1. e4 c5 2. Nf3 d6 3. d4 cxd4 4. Nxd4 Nf6 5. Nc3 g6 6. f3 Bg7 7. Be3 Nc6 8. Qd2 0-0 9. 0-0-0 d5 10. Kb1 Nxd4 11. Bxd4 dxe4 12. Bxf6 Qxd2 13. Rxd2 Bxf6 14. Nxe4 Bg7 15. Bc4 Bf5 16. Ng3 Bc8 17. Rhd1 b5 18. Bb3 a5 19. a3 Rb8 20. Rd8 Ba6 21. Rxb8 Rxb8 22. c3 h5 23. Rd7 e6 24. Ne4 a4 25. Nc5 Rb6 26. Bc2 Bf8 27. Rd8 Rc6 28. Nd7 Rc8 29. Nf6+ Kg7 30. Ne8+ Kh6 31. Rxc8 Bxc8 32. Nc7 Bd7 33. Bd3 Bd6 34. Bxb5 Bxb5 35. Nxb5 Bxh2 36. b3 Bg1 37. bxa4 Bb6 38. Kc2 f5 39. c4 g5 40. Kd3 g4 41. Ke2 h4 42. a5 Bxa5 43. c5 h3 44. gxh3 gxh3 45. Kf2 e5 46. Nd6 Kg5 47. Kg3 Kf6 48. Kxh3 Ke6 49. a4 Bb4 50. Nb5 Bxc5 51. a5 Kd7 52. a6 Kc6 53. a7 Kb7 54. Kh4 e4 55. fxe4 fxe4 56. Kg4 Bxa7 57. Nd6+ Kc6 58. Nxe4 1/2-1/2